| 000 | 00705cab a2200253 4500 | ||
|---|---|---|---|
| 001 | WB3318-16 | ||
| 008 | 090401t1997 xxu||||| |||| 00| 0 eng d | ||
| 035 | _a(Sirsi) u78245 | ||
| 041 | _aeng | ||
| 245 | _aLabour and the PFI | ||
| 260 | _c1997 | ||
| 350 | _a0 | ||
| 490 |
_aBuilding _v262(7989) 9 May 1997, 7,10&11(2) |
||
| 520 | _aDiscusses what effect the new Labour government may have on the private finance initiative. | ||
| 650 | _aGEOFFREY ROBINSON | ||
| 650 | _aLAING | ||
| 650 | _aNATIONAL AUDIT OFFICE | ||
| 650 | _aPFI | ||
| 650 | _aPRISONS | ||
| 650 | _aPRIVATE FINANCE INITIATIVE | ||
| 690 | _aPROPERTY-PROPERTY FINANCE AND INVESTMENT | ||
| 942 | _n0 | ||
| 948 | _c08/05/1997 | ||
| 999 |
_c49247 _d49247 |
||